000 00390nam a2200157Ia 4500
008 221030s9999 xx 000 0 und d
020 _a8185749396
041 _aEnglish
100 _aV. S. Murthy
245 0 _aQuestion Bank in Civil Engineering
_cby V. S. Murthy, R. Sood
260 _bKatson
_aNew Delhi
_c2017
300 _a778
650 _aCivil
700 _aR. Sood
942 _cBK
999 _c17621
_d17621